Представление документа в формате RUSMARC

ПолеНазваниеЗначение
  Тип записи a
  Библиографический уровень m
001 Контрольный номер LIBNET\0001076441
005 Дата корректировки 20211123104828.6
010 Индекс ISBN __
a ISBN 978-5-392-30575-9
b Уточнения в пер.
9 Тираж 1000 экз.
d Цена 696-09
100 Данные общей обработки __
a Данные общей обработки 19200622d2020####e y0rusy0289 ca
101 Язык документа 0_
a Язык текста rus
102 Страна публикации __
a Страна публикации RU
102 Страна публикации __
a Страна публикации RU
105 Кодированные данные (монография) __
a Кодированные данные (монография) a j 000yy
181 Поле кодированных данных: вид содержания _0
a Код вида содержания (ISBD) i
182 Поле кодированных данных: тип средства _0
a Код типа средства (ISBD) n
200 Заглавие и сведения об ответственности 1_
a Заглавие Актуальные проблемы права
e Сведения, относящиеся к заглавию учебно-практическое пособие : [для магистрантов, аспирантов, преподавателей юридических вузов]
f Первые сведения об ответственности Д. А. Матанцев
g Последующие сведения об ответственности Академия управления Министерства внутренних дел Российской Федерации
203 Вид содержания и тип средства __
a Вид содержания Текст
c Тип средства непосредственный
210 Выходные данные 1_
a Место издания Москва
c Издательство Проспект
d Дата издания 2020
215 Физическое описание __
a Объем 132, [1] с.
c Иллюстрации/тип воспроизводства ил.
d Формат 22 см
320 Библиография __
a Библиография Библиография в конце тем
330 Аннотация __
a Аннотация Учебно-практическое пособие подготовлено в соответствии с рабочей программой учебной дисциплины "Актуальные проблемы права" для обучающихся по направлению подготовки 40.04.01 "Юриспруденция", содержательно охватывает основные вопросы общей теории права. В пособии представлены различные виды заданий (задачи, аналитические задания, тесты, кроссворды, юридические уравнения), выполнение которых направлено на углубление и расширение обучающимися теоретико-правовых знаний, формирование практических навыков и умений работы с правовым инструментарием.
606 Тематические рубрики __
a Основная рубрика Право
606 Тематические рубрики __
a Основная рубрика Общая теория права
610 Ключевые слова 0_
a Ключевые слова теория права
610 Ключевые слова 0_
a Ключевые слова правовые нормы
610 Ключевые слова 0_
a Ключевые слова правовые системы
610 Ключевые слова 0_
a Ключевые слова системы права
610 Ключевые слова 0_
a Ключевые слова системы законодательства
610 Ключевые слова 0_
a Ключевые слова теория правоотношений
610 Ключевые слова 0_
a Ключевые слова правовое поведение
610 Ключевые слова 0_
a Ключевые слова правовые нормы
610 Ключевые слова 0_
a Ключевые слова обеспечение законности
610 Ключевые слова 0_
a Ключевые слова обеспечение правопорядка
610 Ключевые слова 0_
a Ключевые слова законность
610 Ключевые слова 0_
a Ключевые слова правопорядок
610 Ключевые слова 0_
a Ключевые слова правовое сознание
610 Ключевые слова 0_
a Ключевые слова правосознание
610 Ключевые слова 0_
a Ключевые слова правовая культура
686 Индексы других классификаций __
2 Код системы rubbks
a Классификационный индекс 67.0я73
700 Автор _1
a Фамилия Матанцев
g Полное личное имя Дмитрий Александрович
b Имя Д. А.
4 Код отношения 070
712 Наименование организации (Вторичная ответственность) 02
a Организация/ юрисдикция Академия управления МВД России
e Место проведения временной организации Москва
801 Источник записи _0
a Страна RU
b Организация Тюменская ОНБ
c Дата составления 20200622
g Правила каталогизации rcr
801 Источник записи _1
a Страна RU
b Организация Тюменская ОНБ
c Дата составления 20200622
g Правила каталогизации PSBO
852 Данные о местонахождении __
i Авторский знак М 33
j Шифр хранения 67.0я73
900 Макрообъекты __
a Макрообъекты Актуальные проблемы права, 2020
901 Тип документа __
a Ответственный КиК/Котельникова
t Тип документа m
903 Характеристики (МАРС) __
c Наименование библиотеки (МАРС) Муниципальное бюджетное учреждение культуры "Централизованная библиотечная система" г. Сургут (Центральная городская библиотека им. А. С. Пушкина)
a Дата передачи 20201226
969 Тип издания __
a Тип издания учебное пособие
a Тип издания практическое пособие
990 Данные о заказе (DOS) __
j Количество экземпляров (DOS) 1
t N записи в КСУ для И/У (DOS) 202101